00331nam a2200109Ia 4500008004100000041000800041100002000049245008000069260003100149300000800180700003300188250110s9999 xx 000 0 und d aeng aLalbige Shivali aLandscape Policies And Design Guidelines For Urban Quarryscape Of Pune City bBNCA M Arch LA, Punec2020 a46p aGuide Name:Khatavkar Anupama